Experiments of the mind : from the cognitive psychology lab to the world of Facebook and Twitter /

Bibliographic Details
Main Author: Martin, Emily (Author)
Corporate Author: Walter de Gruyter & Co
Format: eBook
Language:English
Published: Princeton, New Jersey : Princeton University Press, [2021]
Subjects:
Online Access:Connect to the full text of this electronic book

MARC

Tag First Indicator Second Indicator Subfields
LEADER 00000nam a2200000 i 4500
001 in00004379321
005 20211215085242.0
006 m o d
007 cr |||||||||||
008 210423s2021 njua ob 001 0 eng
010 |a  2021013536 
020 |a 9780691232072  |q electronic book 
020 |a 0691232075  |q electronic book 
020 |z 9780691230719  |q hardcover  |q alkaline paper 
020 |z 9780691177311  |q paperback  |q alkaline paper 
024 8 |a 40030838521 
035 |a (DLC)ybp302196521 
037 |a 9539243  |b IEEE 
040 |a NhCcYBP  |c NhCcYBP 
042 |a pcc 
050 4 |a BF181  |b .M3155 2021 
082 0 0 |a 150.72/4  |2 23 
100 1 |a Martin, Emily,  |e author. 
245 1 0 |a Experiments of the mind :  |b from the cognitive psychology lab to the world of Facebook and Twitter /  |c Emily Martin. 
264 1 |a Princeton, New Jersey :  |b Princeton University Press,  |c [2021] 
300 |a 1 online resource. 
336 |a text  |b txt  |2 rdacontent 
337 |a computer  |b c  |2 rdamedia 
338 |a online resource  |b cr  |2 rdacarrier 
504 |a Includes bibliographical references and index. 
588 |a Description based on online resource; title from digital title page (viewed on November 22, 2021). 
650 0 |a Psychology, Experimental. 
650 0 |a Psychology  |x Experiments. 
650 0 |a Cognitive psychology  |x Experiments. 
650 0 |a Human experimentation in psychology. 
650 0 |a Experimental psychologists. 
655 7 |a Electronic books.  |2 local 
710 2 |a Walter de Gruyter & Co. 
776 1 8 |i Print version:  |a Martin, Emily.  |t Experiments of the mind  |d Princeton : Princeton University Press, [2021]  |z 9780691230719  |w (DLC) 2021013535 
856 4 0 |u http://proxy.library.tamu.edu/login?url=https://www.degruyter.com/isbn/9780691232072  |z Connect to the full text of this electronic book  |t 0 
945 |b 110466 
955 |a YBP purchased approval e-records 
980 |b ebook  |c 40030838521  |f NONFIC/B  |g 565751  |k USD  |m 152.00  |q 1  |s AcqMono Conventional  |t Approval plan  |u Vendor order reference number  |v ZYBP  |y E-approvals  |z Electronic resource 
999 f f |s dbe6e32b-0ba2-365d-87ec-d51e83d3d7ea  |i 8e0da27c-5398-381b-8e1f-5625052cf297  |t 0 
952 f f |a Texas A&M University  |b College Station  |c Electronic Resources  |d Available Online  |t 0  |e BF181 .M3155 2021  |h Library of Congress classification 
998 f f |a BF181 .M3155 2021  |t 0  |l Available Online